000 01001cam a22002174a 4500
005 20250605163934.0
008 250528s ||||||||||||||||||||||||d
035 _a14782
020 _a13486770
040 _aGR-AtMCL
_bgre
_dGR-AtMCL
_eAACR2
245 1 _aSocial Psychology / Second Edition
250 _a2nd
260 _bPrentice Hall,
_c1998
300 _a714
520 _aPreface and Acknowledgements, Foreword, Introduction, Social Cognition and Social Thinking, Causal Attribution and Social Knowledge, Nature and Measurement of Attributes, Changing Attitudes, Social Influence, Basic Group Processes, Leadership and Group Decision-Making, Prejudice, Intergroup Behaviour, Aggression, Affiliation and Attraction and Love, Prosocial BehaviourLanguage and Communication, The Physical Environment and Social Behaviour, Glossary, Reference, Author and Subject Index.
700 1 _aHogg Michael A
_9540
700 1 _aVaughan Graham M
_9541
942 _cBK
999 _c400
_d400